| 000 | 02228cam a22002174a 4500 | ||
|---|---|---|---|
| 005 | 20250605164143.0 | ||
| 008 | 250528s ||||||||||||||||||||||||d | ||
| 035 | _a19042 | ||
| 020 | _a9607309677 | ||
| 040 |
_aGR-AtMCL _bgre _dGR-AtMCL _eAACR2 |
||
| 245 | 1 | _aΤι είναι Αυτό που το Λέμε Επιστήμη; / Μια Προσέγγιση της Φύσης, του Καθεστώτος και των Μεθόδων της Επιστήμης | |
| 250 | _a3η | ||
| 260 |
_bΠανεπιστημιακές Εκδόσεις Κρήτης, _c1998 |
||
| 300 | _a276 | ||
| 520 | _aΜια εξαίρετη και πλήρως ενημερωμένη εισαγωγή στην επιστημονική περιοχή που πραγματεύεται την ''Νέα Φιλοσοφία της Επιστήμης'', καθώς και την κριτική αποτίμηση τους από τους μεταγενέστερους μελετητές. Εισαγωγή, Επαγωγισμός: Η Επιστήμη ως Γνώση Προερχόμενη από τα Γεγονότα της Εμπειρίας, Ο Πρόβλημα της Επαγωγής, Η Εξάρτηση της Παρατήρησης από τη Θεωρία, Εισαγωγή στη Διαψυσιοκρατία, Εκλεπτυσμένη Διαψευσιοκρατία και Νέες Προβλέψεις και Ανάπτυξη, Τα Όρια της Διαψευσιοκρατίας, Οι Θεωρίες ως Δομές: 1. Ερευνητικά Προγράμματα, Οι Θεωρίες ως Δομές: 2. Τα Παραδείγματα κατά Κούν, Ορθολογισμός Εναντίον Σχετικισμού, Αντικειμενισμός, Μια Αντικειμενική Περιγραφή της Αλλαγής Θεωριών στη Φυσική, Η Αναρχική Θεωρία Γνώσης του Φεγιεραμπεντ, Ρεαλισμός και Εργαλειοκρατία και Αλήθεια, Μη Αναπαραστατικός Ρεαλισμός, Ευρετήριο. | ||
| 700 | 1 |
_aChalmers A. F _95312 |
|
| 700 | 1 |
_aΜπαλτάς Αριστείδης _94958 |
|
| 942 | _cBK | ||
| 999 |
_c4326 _d4326 |
||